Negociación del TLC con Estados Unidos: participación ciudadana e implicaciones para la democracia /
Kaydedildi:
| Yazar: | |
|---|---|
| Materyal Türü: | Metin |
| Konular: | |
| Etiketler: |
Etiketle
Etiket eklenmemiş, İlk siz ekleyin!
|
MARC
| LEADER | 00000 a a2200000 04500 | ||
|---|---|---|---|
| 001 | 1210 | ||
| 003 | |||
| 040 | |||
| 100 | |a Martínez Franzoni, Juliana | ||
| 245 | |a Negociación del TLC con Estados Unidos: |b participación ciudadana e implicaciones para la democracia / |c Juliana Martínez Franzoni | ||
| 500 | |a La última versión de este artículo disponible en: Jornadas de reflexión: TLC con Estados Unidos, NA19682.02 y TLC con Estados Unidos: contribuciones para el debate, 19683.00-21 | ||
| 650 | |a TLC | ||
| 650 | |a PARTICIPACION SOCIAL | ||
| 650 | |a DEMOCRACIA | ||
| 650 | |a EMPLEO | ||
| 650 | |a EXPORTACIONES | ||
| 773 | |g volumen 7; páginas 81-90 | ||
| 999 | |c 30214 |d 30214 | ||
